000 00417nam a2200157Ia 4500
008 220803s9999 xx 000 0 und d
041 _aeng
082 _a711.4 SIN/SIN
100 _aSingh G
_914684
245 _aText Book Of Estimating Costing And Valuation
260 _aDelhi
_bStandard Publishers
_c1998
300 _a701p
500 _aArchitecture
650 _aUrban Design
_914685
700 _aSingh J
_914686
999 _c11018
_d11018